[Event "Pardubice Czech op-B 29th"]
[Site "Pardubice"]
[Date "2018.07.25"]
[Round "6"]
[White "Alieva, Alexandra"]
[Black "Pollock, Andy"]
[Result "1/2-1/2"]
[WhiteElo "2137"]
[BlackElo "1955"]
[PlyCount "115"]
[EventDate "2018.07.20"]
[EventType "swiss"]
[EventRounds "9"]
[EventCountry "CZE"]
[SourceTitle "CBM 186 Extra"]
[Source "ChessBase"]
[SourceDate "2018.08.24"]
[SourceVersion "1"]
[SourceVersionDate "2018.08.24"]
[SourceQuality "1"]

1. e4 c6 2. d4 d5 3. exd5 cxd5 4. c4 Nf6 5. Nc3 e6 6. Bg5 Be7 7. c5 0-0 8. Nf3 h6 9. Bh4 b6 10. b4 a5 11. a3 Bb7 12. Ne5 Nfd7 13. Bxe7 Qxe7 14. Nxd7 Nxd7 15. Bb5 axb4 16. axb4 bxc5 17. Rxa8 Rxa8 18. dxc5 Nxc5 19. 0-0 Nd7 20. Qd4 Qd6 21. Ne4 Qe7 22. Bxd7 Qxd7 23. Nc5 Qc6 24. Rb1 Ba6 25. h3 Bc4 26. Qe5 Qb6 27. Nd7 Qb5 28. Qc7 Bd3 29. Rd1 Qxb4 30. Ne5 Bg6 31. Nxg6 fxg6 32. Qc6 Rd8 33. Qxe6+ Kh7 34. Rxd5 Rxd5 35. Qxd5 Qe1+ 36. Kh2 Qxf2 37. Qe4 Qf5 38. Qe7 g5 39. Qe2 Kg6 40. Qa6+ Qf6 41. Qd3+ Kf7 42. Qd7+ Qe7 43. Qd5+ Kf6 44. Qc6+ Qe6 45. Qf3+ Kg6 46. Qd3+ Qf5 47. Qd6+ Kh7 48. Qd1 Qg6 49. Qg4 h5 50. Qd4 Qf5 51. Qd1 Qf4+ 52. Kh1 g4 53. hxg4 hxg4 54. Qc2+ Kh6 55. Qc6+ Kg5 56. Qc5+ Kh4 57. g3+ Kxg3 58. Qf2+ 1/2-1/2

[Event "Doncaster 4NCL op-B 15th"]
[Site "Doncaster"]
[Date "2017.09.10"]
[Round "5"]
[White "Pollock, Andy"]
[Black "Dean, Robert A"]
[Result "1-0"]
[WhiteElo "1964"]
[BlackElo "1850"]
[PlyCount "65"]
[EventDate "2017.09.08"]
[EventType "swiss"]
[EventRounds "5"]
[EventCountry "ENG"]
[SourceTitle "CBM 180 Extra"]
[Source "ChessBase"]
[SourceDate "2017.10.06"]
[SourceVersion "1"]
[SourceVersionDate "2017.10.06"]
[SourceQuality "1"]

1. d4 d5 2. Nf3 Nf6 3. e3 g6 4. Nbd2 Bg7 5. b4 a5 6. b5 Nbd7 7. c4 e6 8. Ba3 dxc4 9. Bxc4 Nb6 10. Bd3 Nfd5 11. 0-0 Bd7 12. Qb3 a4 13. Qc2 c6 14. Ne4 Bf8 15. Qb2 Be7 16. Nd6+ Bxd6 17. Bxd6 cxb5 18. e4 a3 19. Qc1 Rc8 20. Qxa3 Rc3 21. Qb2 Rxd3 22. exd5 Nc4 23. Qb4 Ra3 24. dxe6 fxe6 25. Bf4 Ra4 26. Qe1 0-0 27. Bh6 Rf5 28. Qe4 Qb8 29. Rfe1 Ra6 30. g4 Rf7 31. a4 bxa4 32. d5 b5 33. Qd4 1-0

[Event "Wakefield 4NCL op-B 14th"]
[Site "Wokefield"]
[Date "2017.07.15"]
[Round "3"]
[White "Bovtramovics, Vladimirs"]
[Black "Pollock, Andy"]
[Result "0-1"]
[WhiteElo "1744"]
[BlackElo "1795"]
[PlyCount "76"]
[EventDate "2017.07.14"]
[EventType "swiss"]
[EventRounds "5"]
[EventCountry "ENG"]
[SourceTitle "EXT 2018"]
[Source "ChessBase"]
[SourceDate "2017.10.13"]
[SourceVersion "1"]
[SourceVersionDate "2017.10.13"]
[SourceQuality "1"]

1. e4 c6 2. d4 d5 3. Nc3 dxe4 4. Nxe4 Bf5 5. Ng3 Bg6 6. h4 h6 7. h5 Bh7 8. Nf3 Nd7 9. Bd3 Bxd3 10. Qxd3 e6 11. Bd2 Qc7 12. 0-0-0 Ngf6 13. Ne4 0-0-0 14. Kb1 c5 15. Bc3 c4 16. Qe2 Nxe4 17. Qxe4 Nf6 18. Qe1 Rd5 19. Ne5 Bd6 20. f4 Bxe5 21. fxe5 Nd7 22. Qg3 Rg8 23. Rdf1 Nb6 24. b3 Rd7 25. Rf3 Nd5 26. Bd2 Kb8 27. c3 Rdd8 28. Rhf1 Rdf8 29. Qg4 b5 30. bxc4 bxc4 31. Qe4 Qa5 32. Rxf7 Rxf7 33. Rxf7 Qxc3 34. Qc2 Qxd4 35. Qh7 Rd8 36. Rxg7 Qxd2 37. Rb7+ Kc8 38. Rxa7 Nc3+ 0-1

[Event "Wakefield 4NCL op-B 14th"]
[Site "Wokefield"]
[Date "2017.07.14"]
[Round "1"]
[White "De Coverly, Roger D"]
[Black "Pollock, Andy"]
[Result "0-1"]
[WhiteElo "1971"]
[BlackElo "1795"]
[PlyCount "108"]
[EventDate "2017.07.14"]
[EventType "swiss"]
[EventRounds "5"]
[EventCountry "ENG"]
[SourceTitle "EXT 2018"]
[Source "ChessBase"]
[SourceDate "2017.10.13"]
[SourceVersion "1"]
[SourceVersionDate "2017.10.13"]
[SourceQuality "1"]

1. e4 c6 2. d4 d5 3. e5 c5 4. Nf3 Nc6 5. dxc5 Bg4 6. c3 e6 7. b4 Bxf3 8. Qxf3 Nxe5 9. Bb5+ Nc6 10. Nd2 Nf6 11. 0-0 Be7 12. Bb2 0-0 13. Rad1 a5 14. a3 Na7 15. Bd3 b6 16. cxb6 Qxb6 17. Nb3 Nc6 18. Qh3 Ne5 19. Bb1 Nc4 20. Bc1 axb4 21. axb4 Nd6 22. Be3 Qc7 23. Bd4 Nde4 24. f3 Ng5 25. Qg3 Qxg3 26. hxg3 Bd6 27. Be3 h6 28. g4 Ra3 29. Bc2 Rc8 30. Rc1 e5 31. Bf5 Rc6 32. Nc5 d4 33. Bxg5 hxg5 34. cxd4 exd4 35. Rfd1 Rc3 36. Ra1 Bxc5 37. bxc5 g6 38. Be4 Nxe4 39. fxe4 Rc4 40. Ra5 Kg7 41. Rd3 Kf6 42. Ra7 Ke6 43. Rf3 f6 44. Rb3 R4xc5 45. Rbb7 Ke5 46. Re7+ Kf4 47. Kh2 Rd6 48. Ra3 Rc3 49. Ra2 d3 50. Rf2+ Ke3 51. Rf3+ Kd2 52. e5 fxe5 53. Rxe5 Kc2 54. Ree3 Rc4 0-1